000 00648nam a22001577a 4500
003 OSt
005 20150912141756.0
008 150912b xxu||||| |||| 00| 0 eng d
040 _cRUA
082 _aAGR រស់ 1996 B015 Or.1
100 _9330
_aរស់ ពិសុទ្ធ
245 _aប្រសិទ្ធិភាពការប្រើប្រាស់ទឺកនៃផលិតកម្មដំណាំស្រូវនៅព្រះរាជាណាចក្រកម្ពូជា (water use efficiency of rice production in cambodia)
260 _aPhnom Penh
_bRUA
_c1996
300 _a58p.
_bill.
_c29cm.
942 _2ddc
_cAGR
999 _c307
_d307